[Event "ODEM U25A 2013"]
[Site "Oberhof GER"]
[Date "2013.05.20"]
[Round "3"]
[White "Poetsch, Hagen"]
[Black "Bilchinski, Anton"]
[Result "1-0"]
[Termination "normal"]
[Board "1"]
[WhiteTitle "IM"]
[WhiteElo "2431"]
[BlackElo "1900"]
[PlyCount "45"]
[WhiteFideId "24615137"]
[BlackFideId "24615765"]
[EventCountry "GER"]
[EventRounds "9"]
[EventType "swiss"]
[EventDate "2013.05.18"]

1. e4 c5 2. Nf3 e6 3. b3 Nc6 4. Bb2 Nf6 5. e5 Nd5 6. g3 Be7 7. Bg2 O-O 8. O-O
d6 9. exd6 Bxd6 10. Na3 Be7 11. Nc4 Qc7 12. Nfe5 Bd7 13. Re1 Nf6 14. Qf3 Rac8
15. a4 Nb4 16. Rac1 Nbd5 17. g4 Ne8 18. d4 Bg5 19. Rcd1 b5 20. Nxd7 Qxd7 21.
axb5 Qxb5 22. dxc5 Be7 23. Ne5 1-0

[Event "ODEM U25A 2013"]
[Site "Oberhof GER"]
[Date "2013.05.20"]
[Round "3"]
[White "Schreiber, Kevin"]
[Black "Wenninger, Philipp"]
[Result "0-1"]
[Termination "normal"]
[Board "2"]
[WhiteElo "1886"]
[BlackElo "2220"]
[PlyCount "70"]
[WhiteFideId "24655830"]
[BlackFideId "4648404"]
[EventCountry "GER"]
[EventRounds "9"]
[EventType "swiss"]
[EventDate "2013.05.18"]

1. d4 d5 2. Nf3 Nf6 3. e3 c6 4. Bd3 Bg4 5. Nbd2 e6 6. b3 a6 7. Bb2 c5 8. O-O
cxd4 9. exd4 Nc6 10. a3 Be7 11. Qe1 Rc8 12. Ne5 Nxe5 13. Qxe5 Bd6 14. Qe3 Qc7
15. h3 Bf4 16. Qe1 Bh5 17. g3 Bxd2 18. Qxd2 Bg6 19. a4 O-O 20. Rac1 Ne4 21.
Bxe4 Bxe4 22. Ba3 Rfe8 23. c4 dxc4 24. bxc4 Qd7 25. Qe3 Bg6 26. a5 e5 27. dxe5
Qxh3 28. Bd6 Re6 29. Qf3 Bh5 30. Qxb7 Rh6 31. f4 Bf3 32. Qxc8+ Qxc8 33. Rxf3
Qh3 34. Rfc3 Qh2+ 35. Kf1 Qd2 0-1

[Event "ODEM U25A 2013"]
[Site "Oberhof GER"]
[Date "2013.05.20"]
[Round "3"]
[White "Cremer, Jan Paul"]
[Black "Weber, Daniel"]
[Result "1-0"]
[Termination "normal"]
[Board "3"]
[WhiteElo "2195"]
[BlackElo "1897"]
[PlyCount "79"]
[WhiteFideId "24686115"]
[BlackFideId "24615498"]
[EventCountry "GER"]
[EventRounds "9"]
[EventType "swiss"]
[EventDate "2013.05.18"]

1. e4 e6 2. d4 d5 3. Nd2 Nf6 4. e5 Nfd7 5. Bd3 c5 6. c3 Nc6 7. Ne2 Qb6 8. Nf3
Be7 9. O-O f6 10. exf6 Nxf6 11. Re1 O-O 12. Nf4 cxd4 13. cxd4 Bb4 14. Re2 Re8
15. a3 Bd6 16. b4 e5 17. dxe5 Nxe5 18. Nxe5 Bxe5 19. Qe1 Qd6 20. Bb2 d4 21. h3
Kf8 22. Bb5 Bd7 23. Bxd7 Nxd7 24. Nd3 Bh2+ 25. Kh1 Ne5 26. Nc5 Bf4 27. Rd1 Qh6
28. Bxd4 Nf3 29. Rxe8+ Rxe8 30. Qc3 Nxd4 31. Qxd4 b6 32. Nd7+ Kg8 33. Qc4+ Kh8
34. Qf7 Rd8 35. Re1 g5 36. Re8+ Rxe8 37. Qxe8+ Kg7 38. Qf8+ Kg6 39. Qf6+ Kh5
40. g4+ 1-0

[Event "ODEM U25A 2013"]
[Site "Oberhof GER"]
[Date "2013.05.20"]
[Round "3"]
[White "Yin, Stanley"]
[Black "Jahncke, Giso"]
[Result "0-1"]
[Termination "normal"]
[Board "4"]
[BlackTitle "CM"]
[WhiteElo "2018"]
[BlackElo "2214"]
[PlyCount "70"]
[WhiteFideId "24622729"]
[BlackFideId "24608289"]
[EventCountry "GER"]
[EventRounds "9"]
[EventType "swiss"]
[EventDate "2013.05.18"]

1. c4 g6 2. Nc3 Bg7 3. g3 d6 4. Bg2 Nf6 5. e3 O-O 6. Nge2 e5 7. d4 Nc6 8. h3
Bd7 9. O-O Rb8 10. a3 Re8 11. d5 Na5 12. b3 c5 13. Nb5 Bxb5 14. cxb5 c4 15.
bxc4 Nxc4 16. e4 Qa5 17. Qb3 Rec8 18. Qb4 a6 19. Bd2 Qb6 20. bxa6 bxa6 21. Bc3
Qa7 22. Qa4 Nd7 23. Ra2 Ncb6 24. Qd1 Nc5 25. Bb4 a5 26. Bxc5 Rxc5 27. Qd3 Na4
28. Rb1 Rcc8 29. Rxb8 Rxb8 30. Qc2 Nc5 31. Nc1 Qb6 32. Kh2 Qb5 33. Ne2 a4 34.
Nc1 Bh6 35. Ra1 Qb2 0-1

[Event "ODEM U25A 2013"]
[Site "Oberhof GER"]
[Date "2013.05.20"]
[Round "3"]
[White "Gölz, Daniel"]
[Black "Böhm, Malte"]
[Result "1-0"]
[Termination "normal"]
[Board "5"]
[WhiteElo "2137"]
[BlackElo "1992"]
[PlyCount "35"]
[WhiteFideId "24626325"]
[BlackFideId "1270629"]
[EventCountry "GER"]
[EventRounds "9"]
[EventType "swiss"]
[EventDate "2013.05.18"]

1. e4 c5 2. Nc3 Nc6 3. g3 e6 4. Bg2 Nf6 5. Nge2 d5 6. exd5 exd5 7. d4 Bf5 8.
Bg5 Nb4 9. Rc1 c4 10. a3 Bxc2 11. Rxc2 Nd3+ 12. Kf1 Nxf2 13. Kxf2 Ng4+ 14. Kf3
Qxg5 15. Nf4 O-O-O 16. h4 Qf5 17. h5 g6 18. Rh4 1-0

[Event "ODEM U25A 2013"]
[Site "Oberhof GER"]
[Date "2013.05.20"]
[Round "3"]
[White "Wurm, Alexander"]
[Black "Schirra, Felix"]
[Result "1/2-1/2"]
[Termination "normal"]
[Board "6"]
[WhiteElo "2081"]
[BlackElo "1711"]
[PlyCount "115"]
[WhiteFideId "24637246"]
[BlackFideId "24692662"]
[EventCountry "GER"]
[EventRounds "9"]
[EventType "swiss"]
[EventDate "2013.05.18"]

1. d4 Nf6 2. c4 g6 3. Nc3 d5 4. Bg5 Ne4 5. Nxe4 dxe4 6. Qd2 Bg7 7. e3 c5 8. Ne2
Nc6 9. d5 Ne5 10. Nc3 f5 11. Be2 Nf7 12. Bh4 g5 13. Bg3 e5 14. f3 exf3 15. gxf3
Qe7 16. O-O-O Nd6 17. h4 g4 18. fxg4 fxg4 19. Bd3 Bf5 20. e4 Bd7 21. h5 O-O-O
22. Nb5 Bxb5 23. cxb5 Bf6 24. Qc3 Kb8 25. Rhf1 Rhf8 26. Kb1 c4 27. Bc2 Nxb5 28.
Qxc4 Nd6 29. Qb4 Bg5 30. Bd3 Rf3 31. Rxf3 gxf3 32. Qc3 Re8 33. Rf1 h6 34. a4
Qf6 35. Bc2 Bh4 36. Rxf3 Qg5 37. Bxh4 Qxh4 38. Rh3 Qg4 39. Qg3 Qe2 40. Qf3 Qe1+
41. Ka2 Rc8 42. Qf6 Qb4 43. Rb3 Qxa4+ 44. Kb1 Rxc2 45. Qxd6+ Rc7 46. Rb4 Qc2+
47. Ka2 a5 48. Qd8+ Ka7 49. d6 Rc6 50. d7 axb4 51. Qa5+ Ra6 52. d8=Q Qc4+ 53.
Kb1 Qxe4+ 54. Kc1 Qc4+ 55. Kd2 Qf4+ 56. Ke2 Qh2+ 57. Ke3 Qf4+ 58. Ke2 1/2-1/2

[Event "ODEM U25A 2013"]
[Site "Oberhof GER"]
[Date "2013.05.20"]
[Round "3"]
[White "Kardoeus, David"]
[Black "Schirrmacher, Carsten"]
[Result "0-1"]
[Termination "normal"]
[Board "7"]
[WhiteElo "1894"]
[BlackElo "2095"]
[PlyCount "110"]
[WhiteFideId "12912050"]
[BlackFideId "24610445"]
[EventCountry "GER"]
[EventRounds "9"]
[EventType "swiss"]
[EventDate "2013.05.18"]

1. e4 e5 2. Bc4 Nf6 3. Nf3 Nxe4 4. Nc3 Nxc3 5. dxc3 f6 6. Nh4 g6 7. O-O c6 8.
f4 d5 9. Bb3 Bc5+ 10. Kh1 O-O 11. Qe1 Bd6 12. c4 Be6 13. cxd5 Bxd5 14. Qg3 Qd7
15. c4 Bf7 16. c5 exf4 17. Bxf4 Bxf4 18. Rxf4 Bxb3 19. Qxb3+ Qf7 20. Rxf6 Qxb3
21. Rxf8+ Kxf8 22. axb3 Na6 23. Rf1+ Kg7 24. Rd1 Rf8 25. Nf3 Nxc5 26. Nd4 Rf2
27. b4 Na4 28. b3 Nc3 29. Ra1 Rd2 30. Nf3 Rd1+ 31. Rxd1 Nxd1 32. Kg1 Kf6 33.
Nd2 Ke5 34. Nf3+ Kf6 35. Nd2 Ke5 36. Nf3+ Kd5 37. Ng5 h5 38. Nh7 Ke5 39. Nf8
Kf5 40. Nd7 Ne3 41. Kf2 Nc2 42. Nc5 b6 43. Nd3 Ke4 44. Ke2 Nd4+ 45. Kd2 Nxb3+
46. Kc3 c5 47. Nf2+ Ke3 48. Nd1+ Ke2 49. Nb2 Nd2 50. bxc5 Ne4+ 51. Kd4 Nxc5 52.
Nc4 Kf2 53. g4 Kg2 54. h4 Kg3 55. Ne5 Kxh4 0-1

[Event "ODEM U25A 2013"]
[Site "Oberhof GER"]
[Date "2013.05.20"]
[Round "3"]
[White "Frischmann, Rick"]
[Black "Stein, Daniel"]
[Result "1/2-1/2"]
[Termination "normal"]
[Board "9"]
[WhiteElo "2254"]
[BlackElo "1823"]
[PlyCount "96"]
[WhiteFideId "24660752"]
[BlackFideId "12939307"]
[EventCountry "GER"]
[EventRounds "9"]
[EventType "swiss"]
[EventDate "2013.05.18"]

1. e4 e5 2. Nf3 Nf6 3. Nc3 Bb4 4. Bc4 O-O 5. O-O d6 6. d3 Bxc3 7. bxc3 h6 8. h3
Nc6 9. Re1 Na5 10. Bb3 Nxb3 11. axb3 Re8 12. c4 Bd7 13. Bb2 b6 14. Nh2 a5 15.
Qf3 Nh7 16. Ng4 Ng5 17. Qg3 Bxg4 18. Qxg4 Ne6 19. Bc1 Qf6 20. Ra2 Qg6 21. Be3
Qxg4 22. hxg4 Nd4 23. Kf1 Kf8 24. Rb1 c5 25. c3 Nc6 26. g3 Ke7 27. Ke2 Kd7 28.
Rh1 f6 29. f4 Rh8 30. Kd1 Ke6 31. Kc1 Kf7 32. Kb2 Kg6 33. Ka3 Rhf8 34. Ka4 Na7
35. Rh5 Rfe8 36. Rah2 Reb8 37. Bd2 b5+ 38. cxb5 Rxb5 39. g5 hxg5 40. fxg5 f5
41. exf5+ Kxf5 42. g6+ Kxg6 43. Rg5+ Kf7 44. Rf2+ Kg8 45. Rf6 Rab8 46. Rxd6
Rxb3 47. Rd7 Rb1 48. Rgxg7+ Kh8 1/2-1/2

[Event "ODEM U25A 2013"]
[Site "Oberhof GER"]
[Date "2013.05.20"]
[Round "3"]
[White "Meiser, Michael"]
[Black "Grewenig, Jan"]
[Result "0-1"]
[Termination "normal"]
[Board "10"]
[WhiteElo "1931"]
[BlackElo "2002"]
[PlyCount "66"]
[WhiteFideId "24659762"]
[BlackFideId "4657330"]
[EventCountry "GER"]
[EventRounds "9"]
[EventType "swiss"]
[EventDate "2013.05.18"]

1. e4 c5 2. Nc3 Nc6 3. Bb5 Na5 4. Nf3 a6 5. Be2 e6 6. d4 cxd4 7. Nxd4 b5 8. a3
Bb7 9. O-O Rc8 10. Bf3 d6 11. a4 b4 12. Na2 Nf6 13. Re1 d5 14. Bg5 dxe4 15.
Bxe4 Bxe4 16. Bxf6 Qxf6 17. Rxe4 Bc5 18. c3 bxc3 19. bxc3 O-O 20. Qe2 Bxd4 21.
cxd4 Rc4 22. Re5 Rxa4 23. Qxa6 Qd8 24. Qb5 Qxd4 25. Ree1 Ra8 26. Rad1 Qc4 27.
Nc3 Qxb5 28. Nxb5 Nc4 29. g3 g6 30. Rd7 R4a5 31. Rc1 Nb6 32. Rb7 Rxb5 33. Rcc7
Nd5 0-1

[Event "ODEM U25A 2013"]
[Site "Oberhof GER"]
[Date "2013.05.20"]
[Round "3"]
[White "Galkin, Wladislaw"]
[Black "Reif, Gerold"]
[Result "1-0"]
[Termination "normal"]
[Board "11"]
[WhiteElo "2066"]
[BlackElo "1623"]
[PlyCount "33"]
[WhiteFideId "4603192"]
[BlackFideId "12971723"]
[EventCountry "GER"]
[EventRounds "9"]
[EventType "swiss"]
[EventDate "2013.05.18"]

1. c4 Nf6 2. d4 e6 3. Nc3 c5 4. d5 d6 5. e4 Be7 6. f4 O-O 7. Nf3 Re8 8. e5 Ng4
9. Be2 Bh4+ 10. Nxh4 exd5 11. g3 h5 12. Nxd5 dxe5 13. O-O exf4 14. Bxf4 g5 15.
Bc7 Qd7 16. Bxg4 hxg4 17. Nf6+ 1-0

[Event "ODEM U25A 2013"]
[Site "Oberhof GER"]
[Date "2013.05.20"]
[Round "3"]
[White "Mehling, Franziska"]
[Black "Carow, Annelen"]
[Result "0-1"]
[Termination "normal"]
[Board "12"]
[WhiteElo "1690"]
[BlackElo "2025"]
[PlyCount "94"]
[WhiteFideId "12900133"]
[BlackFideId "24692492"]
[EventCountry "GER"]
[EventRounds "9"]
[EventType "swiss"]
[EventDate "2013.05.18"]

1. d4 Nf6 2. c4 c5 3. d5 b5 4. Nd2 bxc4 5. e4 g6 6. Bxc4 d6 7. b3 Bg7 8. Bb2
O-O 9. Ngf3 Ba6 10. O-O Qb6 11. Qc2 Bb7 12. Rfe1 Nbd7 13. h3 Rab8 14. Nf1 Qc7
15. Rad1 Nb6 16. Ne3 Nxc4 17. bxc4 e5 18. Rb1 Bc8 19. Bc3 Bd7 20. Nd2 Nh5 21.
Rxb8 Rxb8 22. Rb1 Rf8 23. Qb2 Bc8 24. Qb5 Nf4 25. Ba5 Qe7 26. Nf3 f5 27. Nd2
Ne2+ 28. Kh2 Nd4 29. Qb2 Qg5 30. Bc7 Qf4+ 31. Kg1 fxe4 32. Ndf1 Qf6 33. Ng3 Bf5
34. Re1 Qe7 35. Ba5 Qd7 36. Ngxf5 gxf5 37. Bc3 Qc7 38. Qd2 Bh6 39. Qd1 Qf7 40.
Bd2 Bg7 41. Nf1 Qg6 42. Ng3 Rb8 43. Qc1 Bf6 44. Ba5 Bh4 45. Qc3 Kf7 46. Kh2 Rg8
47. Rg1 f4 0-1

[Event "ODEM U25A 2013"]
[Site "Oberhof GER"]
[Date "2013.05.20"]
[Round "3"]
[White "Stark, Timo"]
[Black "Feldheim, Jonas"]
[Result "1/2-1/2"]
[Termination "normal"]
[Board "13"]
[WhiteElo "1843"]
[BlackElo "2024"]
[PlyCount "65"]
[WhiteFideId "4670183"]
[BlackFideId "24697583"]
[EventCountry "GER"]
[EventRounds "9"]
[EventType "swiss"]
[EventDate "2013.05.18"]

1. e4 c5 2. Nf3 d6 3. Bc4 Nc6 4. O-O g6 5. d4 cxd4 6. Nxd4 Bg7 7. c3 Nf6 8.
Nxc6 bxc6 9. Qe2 O-O 10. Nd2 d5 11. exd5 cxd5 12. Bb3 a5 13. Re1 a4 14. Bc2 Re8
15. Nf3 a3 16. Ne5 Bb7 17. Rb1 Qc7 18. f3 Rec8 19. Bf4 Nh5 20. Bd2 e6 21. Bd3
axb2 22. Rxb2 Ba6 23. Bxa6 Qa7+ 24. Kh1 Qxa6 25. Qe3 Rab8 26. Rxb8 Rxb8 27. g4
Nf6 28. g5 Ne8 29. Nxf7 Rb2 30. Nh6+ Bxh6 31. gxh6 Rxa2 32. Bc1 Ra1 33. Kg2
1/2-1/2

[Event "ODEM U25A 2013"]
[Site "Oberhof GER"]
[Date "2013.05.20"]
[Round "3"]
[White "Askri, Samir"]
[Black "Beck, Michael"]
[Result "1-0"]
[Termination "normal"]
[Board "15"]
[WhiteElo "1785"]
[BlackElo "1985"]
[PlyCount "91"]
[WhiteFideId "12924938"]
[BlackFideId "1271924"]
[EventCountry "GER"]
[EventRounds "9"]
[EventType "swiss"]
[EventDate "2013.05.18"]

1. d4 Nf6 2. c4 g6 3. Nc3 Bg7 4. e4 d6 5. Nf3 O-O 6. Be2 e5 7. O-O Nc6 8. d5
Ne7 9. Ne1 Nd7 10. Be3 f5 11. f3 f4 12. Bf2 g5 13. Rc1 Rf6 14. b4 Rh6 15. c5
Qe8 16. cxd6 Qh5 17. h3 cxd6 18. Nb5 Nb6 19. Rxc8+ Nexc8 20. Nc7 Rb8 21. a4 Bf6
22. Qc2 Bd8 23. a5 Na8 24. Ne6 Qe8 25. Nd3 Kh8 26. Nxd8 Qxd8 27. Rc1 Rg6 28.
Qc3 Kg8 29. Nxe5 dxe5 30. Qxe5 Qd6 31. Qe8+ Qf8 32. Qxf8+ Kxf8 33. e5 b6 34.
Bd3 Rg7 35. d6 Ke8 36. h4 h6 37. Bd4 Rd7 38. Bb5 Kd8 39. a6 Rh7 40. Bd3 Rd7 41.
Bf5 b5 42. Bc5 Rf7 43. Bg4 Rd7 44. hxg5 hxg5 45. Kf2 Nab6 46. Rh1 1-0

[Event "ODEM U25A 2013"]
[Site "Oberhof GER"]
[Date "2013.05.20"]
[Round "3"]
[White "Usczeck, Lukas"]
[Black "Schwedek, Tony"]
[Result "0-1"]
[Termination "normal"]
[Board "16"]
[WhiteElo "1794"]
[BlackElo "1933"]
[PlyCount "64"]
[WhiteFideId "12937827"]
[BlackFideId "12908312"]
[EventCountry "GER"]
[EventRounds "9"]
[EventType "swiss"]
[EventDate "2013.05.18"]

1. d4 Nf6 2. c4 g6 3. Nc3 d5 4. cxd5 Nxd5 5. e4 Nxc3 6. bxc3 Bg7 7. Bc4 c5 8.
Ne2 Nc6 9. Be3 O-O 10. O-O Bg4 11. f3 Na5 12. Bxf7+ Rxf7 13. fxg4 Rxf1+ 14.
Qxf1 Nc4 15. Bf2 Nd2 16. Qd1 Nxe4 17. Qb3+ Kh8 18. Be3 b6 19. Rd1 Qc8 20. dxc5
Qxg4 21. Nf4 Nxc5 22. Qd5 Rf8 23. h3 Qf5 24. Bxc5 Qxf4 25. Ba3 Bxc3 26. Bc1
Qf2+ 27. Kh1 Bg7 28. Ba3 Qe2 29. Bb4 h6 30. Re1 Rf1+ 31. Rxf1 Qxf1+ 32. Kh2
Qf4+ 0-1

[Event "ODEM U25A 2013"]
[Site "Oberhof GER"]
[Date "2013.05.20"]
[Round "3"]
[White "Zesewitz, Maik"]
[Black "Stabernack, Joschi"]
[Result "0-1"]
[Termination "normal"]
[Board "17"]
[WhiteElo "1552"]
[BlackElo "2022"]
[PlyCount "78"]
[WhiteFideId "12905640"]
[BlackFideId "12937258"]
[EventCountry "GER"]
[EventRounds "9"]
[EventType "swiss"]
[EventDate "2013.05.18"]

1. d4 Nf6 2. c4 g6 3. Nf3 Bg7 4. Nc3 O-O 5. e4 d6 6. Be3 e5 7. d5 Ng4 8. Bd2 f5
9. Bg5 Qe8 10. h3 Nf6 11. Bd3 Na6 12. Nd2 Nc5 13. Bc2 a5 14. a3 a4 15. O-O f4
16. Nb5 Rf7 17. f3 h6 18. Bh4 g5 19. Bf2 Na6 20. Bxa4 Qd8 21. b4 Bf8 22. Qc2 h5
23. Rfc1 g4 24. hxg4 hxg4 25. Kf1 Nh5 26. Ke2 Qg5 27. c5 Ng3+ 28. Bxg3 fxg3 29.
cxd6 cxd6 30. Qd3 gxf3+ 31. Nxf3 Bg4 32. Rh1 Nc5 33. bxc5 Rxa4 34. cxd6 Rf4 35.
Nc3 Rd4 36. Qe3 Bh6 37. Ke1 Bxf3 38. gxf3 Rfxe4 39. Qxe4 Qd2+ 0-1

[Event "ODEM U25A 2013"]
[Site "Oberhof GER"]
[Date "2013.05.20"]
[Round "3"]
[White "Täschner, Simon"]
[Black "Nötzel, Felix"]
[Result "0-1"]
[Termination "normal"]
[Board "18"]
[WhiteElo "1504"]
[BlackElo "2101"]
[PlyCount "68"]
[WhiteFideId "1270971"]
[BlackFideId "24637416"]
[EventCountry "GER"]
[EventRounds "9"]
[EventType "swiss"]
[EventDate "2013.05.18"]

1. e4 e5 2. Nf3 Nc6 3. Bc4 Nf6 4. d3 Bc5 5. Bg5 d6 6. c3 h6 7. Bh4 g5 8. Bg3
Qe7 9. b4 Bb6 10. Nbd2 Nd8 11. h3 c6 12. O-O Ne6 13. Re1 Nf4 14. Bxf4 gxf4 15.
d4 Rg8 16. Kh1 Nh7 17. Rg1 Ng5 18. Qe1 Qf6 19. dxe5 dxe5 20. Bf1 Be6 21. c4 Ke7
22. c5 Bc7 23. a4 Qg6 24. b5 Qh5 25. Kh2 Bxh3 26. gxh3 Nxf3+ 27. Nxf3 Qxf3 28.
Bg2 Qh5 29. Qc3 Rad8 30. Rab1 Qe2 31. bxc6 Rd3 32. Qb2 Qh5 33. Qxb7 Rxg2+ 34.
Rxg2 Rxh3+ 0-1

[Event "ODEM U25A 2013"]
[Site "Oberhof GER"]
[Date "2013.05.20"]
[Round "3"]
[White "Erofeev, Anastasia"]
[Black "Pixa, Richard"]
[Result "0-1"]
[Termination "normal"]
[Board "19"]
[WhiteElo "1813"]
[BlackElo "1920"]
[PlyCount "66"]
[WhiteFideId "12917915"]
[BlackFideId "4626095"]
[EventCountry "GER"]
[EventRounds "9"]
[EventType "swiss"]
[EventDate "2013.05.18"]

1. e4 e6 2. d4 d5 3. e5 c5 4. c3 Nc6 5. Nf3 Qb6 6. a3 c4 7. Nbd2 f6 8. Be2 fxe5
9. Nxe5 Nxe5 10. dxe5 Bc5 11. O-O Ne7 12. Bh5+ g6 13. Bg4 O-O 14. Nf3 Nf5 15.
Qe2 Bd7 16. Bg5 d4 17. Bxf5 Rxf5 18. cxd4 Bxd4 19. Rfd1 Bc6 20. Nxd4 Rxg5 21.
Nxc6 Qxc6 22. f4 Rf5 23. Qe3 Raf8 24. Rd4 Qb6 25. Rf1 g5 26. g3 gxf4 27. gxf4
Kh8 28. Rf2 Rg8+ 29. Rg2 Rf7 30. Rg3 Rd7 31. Rxg8+ Kxg8 32. Re4 Qxb2 33. Qg3+
Rg7 0-1

[Event "ODEM U25A 2013"]
[Site "Oberhof GER"]
[Date "2013.05.20"]
[Round "3"]
[White "Gamisch, Laura"]
[Black "Göttel, Tobias"]
[Result "1/2-1/2"]
[Termination "normal"]
[Board "20"]
[WhiteElo "1763"]
[BlackElo "1989"]
[PlyCount "132"]
[WhiteFideId "24615161"]
[BlackFideId "24693316"]
[EventCountry "GER"]
[EventRounds "9"]
[EventType "swiss"]
[EventDate "2013.05.18"]

1. d4 Nf6 2. c4 g6 3. Nc3 d5 4. cxd5 Nxd5 5. e4 Nxc3 6. bxc3 c5 7. Bb5+ Bd7 8.
Bxd7+ Qxd7 9. Nf3 Bg7 10. O-O Nc6 11. Be3 cxd4 12. cxd4 O-O 13. Rb1 Rfd8 14. d5
Na5 15. Bd4 e6 16. Bxg7 Kxg7 17. Qd4+ Kg8 18. Qb4 b6 19. Rfd1 Rac8 20. Ne5 Qc7
21. Qb2 Nc4 22. Nxc4 Qxc4 23. dxe6 Qxe6 24. Rxd8+ Rxd8 25. f3 Qd6 26. h3 Qd4+
27. Qxd4 Rxd4 28. Rb2 Kg7 29. Kf2 Ra4 30. Ke3 Kf6 31. Kf4 Ra5 32. Rd2 Ke6 33.
Ke3 b5 34. Kd4 Ra3 35. Kc5 a6 36. Kb4 Ra4+ 37. Kb3 h5 38. g3 Rc4 39. Kb2 Rc5
40. h4 a5 41. a3 f6 42. Rd8 g5 43. Rh8 gxh4 44. gxh4 a4 45. Rh7 Kd6 46. Rh6 Ke7
47. Rh7+ Ke6 48. Rh6 Kf7 49. Rh8 Kg7 50. Rd8 f5 51. Rd5 Rxd5 52. exd5 Kf6 53.
f4 Ke7 54. Kc3 Kd7 55. Kb4 Kd6 56. Kxb5 Kxd5 57. Kxa4 Ke4 58. Kb5 Kxf4 59. a4
Kg4 60. a5 f4 61. a6 f3 62. a7 f2 63. a8=Q f1=Q+ 64. Kc5 Qf2+ 65. Kd6 Qxh4 66.
Qe4+ Kh3 1/2-1/2

[Event "ODEM U25A 2013"]
[Site "Oberhof GER"]
[Date "2013.05.20"]
[Round "3"]
[White "Nitzsche, Pia"]
[Black "Reisberg, Andre"]
[Result "0-1"]
[Termination "normal"]
[Board "21"]
[WhiteElo "1662"]
[BlackElo "1975"]
[PlyCount "74"]
[WhiteFideId "12900370"]
[BlackFideId "1270630"]
[EventCountry "GER"]
[EventRounds "9"]
[EventType "swiss"]
[EventDate "2013.05.18"]

1. c4 e6 2. Nc3 Nf6 3. g3 d5 4. cxd5 exd5 5. d4 c6 6. Bg2 Bf5 7. Nf3 Nbd7 8.
Bf4 Be7 9. O-O O-O 10. a3 a5 11. Re1 Ne4 12. Nd2 Nxc3 13. bxc3 g5 14. Be3 Nb6
15. Qc1 Bg6 16. c4 f5 17. c5 f4 18. gxf4 gxf4 19. Bxf4 Rxf4 20. cxb6 Qf8 21.
Rf1 Bd6 22. Qc3 Qh6 23. Qg3 Rf6 24. Qh3 Qxd2 25. e3 Qb2 26. Qg4 Qxb6 27. h4 Kh8
28. Kh1 Rg8 29. Qe2 Qd8 30. Rg1 Rf4 31. Rgc1 Rxh4+ 32. Kg1 Qg5 33. f4 Qg3 34.
Ra2 Be4 35. Rca1 Rhg4 36. Rf1 Bxg2 37. Rf2 Bf3+ 0-1

[Event "ODEM U25A 2013"]
[Site "Oberhof GER"]
[Date "2013.05.20"]
[Round "3"]
[White "Diller, Daniel"]
[Black "Hartmann, Jakob"]
[Result "1-0"]
[Termination "normal"]
[Board "23"]
[WhiteElo "1822"]
[BlackElo "1719"]
[PlyCount "61"]
[WhiteFideId "12908983"]
[BlackFideId "12918067"]
[EventCountry "GER"]
[EventRounds "9"]
[EventType "swiss"]
[EventDate "2013.05.18"]

1. c4 e5 2. g3 Nf6 3. Bg2 d5 4. cxd5 Nxd5 5. Nc3 Nb6 6. Nf3 Nc6 7. O-O Be7 8.
a3 Be6 9. b4 O-O 10. Rb1 f6 11. d3 a5 12. b5 Nd4 13. e3 Nxf3+ 14. Bxf3 Nd5 15.
Na4 Qd7 16. d4 exd4 17. Qxd4 f5 18. Rd1 Rfd8 19. Nc5 Bxc5 20. Qxc5 Qf7 21. Bb2
Rd7 22. Rd2 f4 23. gxf4 Nxf4 24. Rxd7 Bxd7 25. Rd1 Nh3+ 26. Kg2 Rf8 27. Rxd7
Qxd7 28. Bd5+ Rf7 29. Bxf7+ Kxf7 30. Qh5+ g6 31. Qxh7+ 1-0

[Event "ODEM U25A 2013"]
[Site "Oberhof GER"]
[Date "2013.05.20"]
[Round "3"]
[White "Denkert, Robert"]
[Black "Böhning, Kilian"]
[Result "0-1"]
[Termination "normal"]
[Board "24"]
[WhiteElo "1631"]
[BlackElo "1882"]
[PlyCount "68"]
[WhiteFideId "12957216"]
[BlackFideId "1270499"]
[EventCountry "GER"]
[EventRounds "9"]
[EventType "swiss"]
[EventDate "2013.05.18"]

1. e4 c5 2. Nc3 Nc6 3. g3 g6 4. Bg2 Bg7 5. d3 e6 6. Be3 d6 7. f4 Nge7 8. Nf3
O-O 9. d4 cxd4 10. Nxd4 Nxd4 11. Bxd4 e5 12. fxe5 dxe5 13. Bc5 Nc6 14. Bxf8
Qxf8 15. O-O Qc5+ 16. Kh1 Be6 17. Nd5 Rd8 18. c3 Bxd5 19. exd5 Ne7 20. Qf3 f5
21. Qf2 Qxf2 22. Rxf2 e4 23. Rd2 Kf7 24. g4 Bh6 25. Rd4 Be3 26. Rad1 Rxd5 27.
Rxd5 Nxd5 28. Rf1 Ke6 29. Re1 Bg5 30. Bh3 Ke5 31. gxf5 gxf5 32. Bg2 Ne3 33. Kg1
f4 34. Kf2 Bh4+ 0-1

[Event "ODEM U25A 2013"]
[Site "Oberhof GER"]
[Date "2013.05.20"]
[Round "3"]
[White "Faldum, Manfred"]
[Black "Engers, Felix"]
[Result "1/2-1/2"]
[Termination "normal"]
[Board "25"]
[WhiteElo "1865"]
[BlackElo "1804"]
[PlyCount "57"]
[WhiteFideId "12921459"]
[BlackFideId "12908282"]
[EventCountry "GER"]
[EventRounds "9"]
[EventType "swiss"]
[EventDate "2013.05.18"]

1. Nf3 g6 2. g3 Bg7 3. Bg2 Nf6 4. c4 O-O 5. O-O c6 6. d4 d5 7. b3 Bf5 8. Nc3
Ne4 9. Bb2 Nxc3 10. Bxc3 Be4 11. Rc1 Nd7 12. e3 Rc8 13. Bh3 Bxf3 14. Qxf3 e6
15. Rc2 Nf6 16. Rfc1 Ne4 17. Bb4 Ng5 18. Qg2 Nxh3+ 19. Qxh3 Re8 20. cxd5 exd5
21. Bc5 a6 22. Qf1 Bf8 23. Bxf8 Kxf8 24. Qe1 Qb6 25. Qc3 Rc7 26. Qc5+ Qxc5 27.
Rxc5 Rec8 28. b4 Ke7 29. Kf1 1/2-1/2

[Event "ODEM U25A 2013"]
[Site "Oberhof GER"]
[Date "2013.05.20"]
[Round "3"]
[White "Litzka, Richard"]
[Black "Celmer, Ole"]
[Result "0-1"]
[Termination "normal"]
[Board "27"]
[WhiteElo "1572"]
[BlackElo "1882"]
[PlyCount "120"]
[BlackFideId "24657107"]
[EventCountry "GER"]
[EventRounds "9"]
[EventType "swiss"]
[EventDate "2013.05.18"]

1. e4 e5 2. Nf3 Nc6 3. Bb5 a6 4. Ba4 Nf6 5. O-O Be7 6. Re1 b5 7. Bb3 O-O 8. c3
d5 9. d3 dxe4 10. dxe4 Bb7 11. Bc2 h6 12. Nbd2 Re8 13. Nf1 Na5 14. Ng3 Bf8 15.
b3 c5 16. Ba3 Qc7 17. Qe2 Rac8 18. Nd2 b4 19. Bb2 c4 20. Nxc4 Nxc4 21. Qxc4
Qxc4 22. bxc4 bxc3 23. Bxc3 Rxc4 24. Re3 Rec8 25. Ne2 Bxe4 26. Bxe4 Nxe4 27.
Bxe5 Bc5 28. Rf3 Rc2 29. Ng3 Nxf2 30. Bf4 Nh3+ 31. Kh1 Nxf4 32. Rxf4 Bd6 33.
Rf3 Be5 34. Raf1 Bxg3 35. hxg3 Rxa2 36. Rxf7 Rcc2 37. Rf8+ Kh7 38. Rg1 a5 39.
Kh2 a4 40. Kh3 Rc5 41. Ra8 Ra3 42. Kh4 Rcc3 43. Ra6 Rxg3 44. Rc1 Rxg2 45. Rc7
Ra1 46. Kh3 Rg6 47. Rxg6 Kxg6 48. Ra7 a3 49. Kg3 a2 50. Kg2 Kh5 51. Kh2 g5 52.
Kg2 g4 53. Kh2 Kg5 54. Kg2 h5 55. Ra5+ Kf4 56. Kh2 h4 57. Ra8 g3+ 58. Kg2 h3+
59. Kxh3 Rh1+ 60. Kg2 a1=Q 0-1